000
00386nam a2200145Ia 4500
008
090124s9999 xx 000 0 und d
082
_b
403365
245
_a
जनी नामयाची
250
_a
1
260
_b
गोळे लीला
_c
1994
300
_a
44
630
_a
जनी नामयाची
730
_a
जनी नामयाची
942
_c
BOOK
999
_c
199848
_d
199848